书目信息 |
| 题名: |
Photoshop CC平面广告设计经典108例
|
|
| 作者: | ;麓山文化 编著 | |
| 分册: | ||
| 出版信息: | 北京 机械工业出版社 2015.03 |
|
| 页数: | 325页 | |
| 开本: | 26cm | |
| 丛书名: | ||
| 单 册: | ||
| 中图分类: | J524.3 | |
| 科图分类: | ||
| 主题词: | 广告--guang gao--平面设计--计算机辅助设计--图象处理软件 | |
| 电子资源: | ||
| ISBN: | 978-7-111-49451-5 | |
| 000 | 01157nam0 2200265 450 | |
| 001 | CAL 0120151554780 | |
| 005 | 20150817160003.57 | |
| 010 | @a978-7-111-49451-5@dCNY79.00 (含光盘) | |
| 010 | @a978-7-89405-708-2@b光盘 | |
| 100 | @a20150506d2015 em y0chiy50 ea | |
| 101 | 0 | @achi |
| 102 | @aCN@b110000 | |
| 105 | @aa z 000yy | |
| 106 | @ar | |
| 200 | 1 | @aPhotoshop CC平面广告设计经典108例@APhotoshop CC ping mian guang gao she ji jing dian 108 li@f麓山文化编著 |
| 205 | @a第3版 | |
| 210 | @a北京@c机械工业出版社@d2015.03 | |
| 215 | @a325页@c彩图@d26cm@e光盘1片 | |
| 330 | @a本书紧跟平面广告发展趋势和行业设计特点, 通过美容、食品、医药、服装、生活、节日庆典、酒类、金融、教育公益、电子数码、地产、交通、照片处理、插画和UI等15篇共108个商业案例, 详细讲述了各类平面广告设计的创意思路、构图、用色等表现手法以及 Photoshop制作技术要领, 案例类型涉及标志、卡片、DM、POP、海报、户外、UI、包装、画册、照片处理等13大门类。 | |
| 586 | @a | |
| 606 | 0 | @a广告@Aguang gao@x平面设计@x计算机辅助设计@x图象处理软件 |
| 690 | @aJ524.3@v5 | |
| 711 | 02 | @a麓山文化@Alu shan wen hua@4编著 |
| 801 | 0 | @aCN@c20150820 |
| 905 | @a河南城建学院图书馆@dJ524.3@eL884@f3 | |
| Photoshop CC平面广告设计经典108例/麓山文化编著.-第3版.-北京:机械工业出版社,2015.03 |
| 325页:彩图;26cm+光盘1片 |
| ISBN 978-7-111-49451-5:CNY79.00 (含光盘) |
| 本书紧跟平面广告发展趋势和行业设计特点, 通过美容、食品、医药、服装、生活、节日庆典、酒类、金融、教育公益、电子数码、地产、交通、照片处理、插画和UI等15篇共108个商业案例, 详细讲述了各类平面广告设计的创意思路、构图、用色等表现手法以及 Photoshop制作技术要领, 案例类型涉及标志、卡片、DM、POP、海报、户外、UI、包装、画册、照片处理等13大门类。 |
| ● |
| 相关链接 |
|
|
|
正题名:Photoshop CC平面广告设计经典108例
索取号:J524.3/L884
 
预约/预借
| 序号 | 登录号 | 条形码 | 馆藏地/架位号 | 状态 | 备注 |
| 1 | 1165995 | 211659953 | 社科库309/309社科库 87排2列5层/ [索取号:J524.3/L884] | 在馆 | |
| 2 | 1165996 | 211659962 | 社科库309/309社科库 87排2列5层/ [索取号:J524.3/L884] | 在馆 | |
| 3 | 1165997 | 211659971 | 社科库309/309社科库 87排2列5层/ [索取号:J524.3/L884] | 在馆 |